'B' Logos Quiz Stats

Quiz Updated Mar 1, 2015

Also try: 'L' Logos
Challenge
Share
Tweet
Score 0/20 Timer 05:00
18 Plays Today
% Correct
Batman
99.4%
BMW
97.2%
Burger King
97.2%
Budweiser
91.1%
Chicago Bulls
89.7%
Bic
83.9%
Baskin Robbins
80.6%
Best Western
79.6%
Bentley
72.5%
Bank of America
70.7%
% Correct
Ben & Jerry's
65.2%
Cleveland Browns
64%
FC Barcelona
62.6%
Boston Bruins
62%
Bridgestone
60.9%
Bacardi
57.6%
Barclays
39.3%
Bayer
38.9%
Blogger
32.6%
Boeing
29.6%

You're not logged in!

Compare scores with friends on all Sporcle quizzes.
Join for Free
OR
Log In

You Might Also Like...

Show Comments

Extras

Top Quizzes Today


Score Distribution

Your Account Isn't Verified!

In order to create a playlist on Sporcle, you need to verify the email address you used during registration. Go to your Sporcle Settings to finish the process.

Report this User

Report this user for behavior that violates our Community Guidelines.

Details: